Educaçao Continuada em Saúde Einstein (Registro nro. 1179)

Detalles MARC
000 -LEADER
fixed length control field 00629nas a22001577a 4500
008 - CAMPO DE CONTROL RECURSOS CONTINUADOS
fixed length control field 130226t20079999bl ||||| |||| 00| 0 por d
022 ## - INTERNATIONAL STANDARD SERIAL NUMBER
International Standard Serial Number 2238-2909
245 ## - TITULO
Titulo Educaçao Continuada em Saúde Einstein
260 ## - PUBLICACION, DISTRIBUCION, ETC. (PIE DE IMPRENTA)
Lugar de publicación, distribución, etc Sâo Paulo:
Nombre de la editorial, distribuidor, etc. Instituto Israelita de Ensino e Pesquisa Albert Einstein,
Fecha de publicación 2007
300 ## - DESCRIPCION FISICA
Extensión v. :
310 ## - FRECUENCIA ACTUAL DE LA PUBLICACION
Frecuencia actual de la publicación trimestral
546 ## - NOTA DE IDIOMA
Nota de lenguaje portugués
590 ## - NOTAS LOCALES (RLIN)
Nota local 2007 5(2 parte 2); 2008 6(1 parte 2, 2 parte 2, 4 parte 2); 2009 7(1 parte 2, 2 parte 2, 3 parte 2, 4 parte 2); 2010 8(1 parte 2, 4 parte 2); 2011 9(2 parte 2); 2012 10(1-4); 2013 11(1)
650 ## - MATERIA-TERMINO TEMATICO
Término temático EDUCACION CONTINUA-SALUD
9 (RLIN) 1908
942 ## - ADDED ENTRY ELEMENTS (KOHA)
Source of classification or shelving scheme Dewey Decimal Classification
Item type Continuing Resources

No hay ítems disponibles.


UNIVERSIDAD NACIONAL DEL COMAHUE
Biblioteca de la Facultad de Ciencias Médicas
Sede Toschi: Los Arrayanes y Av. Toschi, Cipolletti  - Rio Negro
Sede Los Tordos:  Yrigoyen al 2211, Cipolletti - Rio Negro 

Teléfono: 0299 - 4774707 int 25
Contacto: biblioteca@facimed.uncoma.edu.ar
© 2011 - 2026